LIBRARY & INFORMATION CENTRE, KCAET, TAVANUR

ONLINE PUBLIC ACCESS CATALOGUE (OPAC)

Water Treatment (Record no. 14429)

MARC details
000 -LEADER
fixed length control field 00281nam a22001217a 4500
020 ## - INTERNATIONAL STANDARD BOOK NUMBER
ISBN 9789381348079
082 ## - DEWEY DECIMAL CLASSIFICATION NUMBER
Classification number 628.43
Item number MOH/WA
100 ## - MAIN ENTRY--AUTHOR NAME
Personal name Mohan Rao,K.V.J
245 ## - TITLE STATEMENT
Title Water Treatment
260 ## - PUBLICATION, DISTRIBUTION, ETC. (IMPRINT)
Place of publication New Delhi
Name of publisher Vayu Education of India
Year of publication 2011
300 ## - PHYSICAL DESCRIPTION
Number of Pages 258
942 ## - ADDED ENTRY ELEMENTS (KOHA)
Koha item type Books
Holdings
Withdrawn status Lost status Damaged status Collection code Home library Current library Shelving location Date acquired Source of acquisition Cost, normal purchase price Full call number Accession Number Koha item type
        KAUAET KAUAET General Stacks 01/07/2016 Scientific Book Centre, Kochi 690.00 628.43 MOH/WA 23970 Books
free website counter